000 00534nam a22001697a 4500
005 20240108114152.0
008 220210b ||||| |||| 00| 0 eng d
020 _a978-93-86353-6-4
041 _aeng
082 _a615.5
100 _aFULORIA, DR. NEERAJ KUMAR , FULORIA Dr. SHIVKANYA , SATASIVAM Dr. KATHIRESAN V ,AND OTHERS
_98289
245 _aPRINCIPLES AND PRACTICES OF TRADITIONAL COMPLEMENTRY AND ALTERNATIVE MEDICINE
260 _aPUNE
_bNIRALI PRAKASHAN
300 _aI.15;p
650 _aPHARMACY
_xB.PHARMA
942 _cBK
999 _c7901
_d7899